Statistiken für Schauspieler in Friends

Klicken Sie hier um das Quiz zu spielen!

Allgemein

  • Dieses Quiz wurde 24 mal gespielt
  • Das Durchschnittsergebnis liegt bei 11 aus 53

Antwortstatistiken

FigurSchauspieler% Korrekt
Rachel GreenJennifer Aniston
96%
Ross GellerDavid Schwimmer
87%
Chandler BingMatthew Perry
74%
Joey TribbianiMatt LeBlanc
70%
Phoebe BuffayLisa Kudrow
65%
UrsulaLisa Kudrow
65%
Monica GellerCourteney Cox
61%
Mike HanniganPaul Rudd
57%
Will (Mitglied im 'I-hate-Rachel-Club')Brad Pitt
48%
Paul Stevens, Elizabeth' Vater und Ex-Freund von RachelBruce Willis
39%
Jill (Rachels Schwester)Reese Witherspoon
35%
Dr. Richard BurkeTom Selleck
35%
BenCole Sprouse
30%
Amy (Rachels Schwester)Christina Applegate
26%
Susie (Chandlers Ex-Freundin)Julia Roberts
26%
Julie (Ross' Ex-Freundin)Lauren Tom
26%
Parker (Phoebes Ex-Freund) - findet alles ganz tollAlec Baldwin
22%
Rachels Sitznachbar im FlugzeugHugh Laurie
22%
Melissa, Rachels lesbische ErfahrungWinona Ryder
22%
Erica (Mutter der Adoptivkinder von Chandler & Monica)Anna Faris
17%
Charlie WheelerAisha Tyler
13%
Janine (ehemalige Mitbewohnerin von Joey)Elle Macpherson
13%
David (Phoebes Freund, der nach Minsk zieht)Hank Azaria
13%
GuntherJames Michael Tyler
13%
Pete (Monicas Ex-Freund)Jon Favreau
13%
JaniceMaggie Wheeler
13%
Bonnie (Ross' Ex-Freundin) (Glatze)Christine Taylor
9%
Tag (Rachels Ex-Freund)Eddie Cahill
9%
Jack GellerElliott Gould
9%
Sandy (Die männliche Nanny)Freddie Prinze jr.
9%
Schauspielkollege von Joey ('Der Spucker')Gary Oldman
9%
Carol (2. Schauspielerin)Jane Sibbett
9%
Leonard Hayes, Schauspielkollege von JoeyJeff Goldblum
9%
Nora Bing (Chandlers Mutter)Morgan Fairchild
9%
Kathy (Chandlers Ex-Freundin)Paget Brewster
9%
Joshua (Rachels Ex-Freund)Tate Donovan
9%
Eddie, zeitweise Joeys MitbewohnerAdam Goldberg
4%
Elizabeth Stevens (Ross' Ex-Freundin)Alexandra Holden
4%
MonaBonnie Somerville
4%
Judy GellerChristina Pickles
4%
Paolo (Rachels Ex-Freund)Cosimo Fusco
4%
Gavin (Rachels Ex-Freund)Dermot Mulroney
4%
Frank Buffay jr.Giovanni Ribisi
4%
EmilyHelen Baxendale
4%
Amanda (Rachels Boss und Chandlers Affäre)Jennifer Coolidge
4%
SusanJessica Hecht
4%
Charles Bing (Chandlers Vater)Kathleen Turner
4%
Gary (Phoebes Ex-Freund)Michael Rapaport
4%
Barry (Rachels Verlobter, den sie vor dem Altar verlässt)Mitchell Whitfield
4%
Dr. Leonard Green, Rachels VaterRon Leibman
4%
EstelleJune Gable
0%
Mr. HecklesLarry Hankin
0%
Mr. Treeger, HausmeisterMike Hagerty
0%

Verteilung der Resultate

Perzentil nach korrekt beantworteten Fragen

Anzahl Personen mit jedem Resultat

Ihre Resultats-Entwicklung

Sie haben dieses Quiz noch nicht gespielt